| 000 | 01231nam0a22002651 4500 | ||
|---|---|---|---|
| 001 | rc\4120697 | ||
| 005 | 20260407091946.0 | ||
| 035 | _a(NLR Aleph) 007980905 | ||
| 090 |
_a8519359 _c8519359 |
||
| 100 | _a20130415a19479999|||y0rusy50 ca | ||
| 101 | 0 | _arus | |
| 102 | _aRU | ||
| 105 | _ay z ||||| | ||
| 200 | 1 |
_aТруды Киргизского сельскохозяйственного института имени К.И. Скрябина _fОтв. ред. дир. ин-та доц. М.Н. Лущихин _gМ-во высш. образования СССР. Вып. 3- |
|
| 210 |
_aФрунзе _cБ. и. _d1947- |
||
| 215 | _d24 | ||
| 300 | _aОписано по Вып. 3 1947 г. | ||
| 702 | 1 |
_aЛущихин _bМ.Н. _4340 |
|
| 710 | 0 | 2 |
_aКиргизский сельскохозяйственный институт им. К. И. Скрябина _cФрунзе _9309044 _3RU\NLR\AUTH\8817904 |
| 801 | 0 |
_aRU _bNLR _gpsbo |
|
| 801 | 1 |
_aRU _bELAR _2rusmarc |
|
| 830 | _aПеречень имеющихся в библиотеке томов, номеров, годов этого издания смотри в каталоге периодических изданий | ||
| 852 |
_aNLR _jП13/312 |
||
| 942 | _cBOOK | ||
| 980 | _aNB | ||